|
|
|
|
| LEADER |
00761cam a2200241 7i4500 |
| 001 |
0000025320 |
| 005 |
20110221090000.0 |
| 020 |
0 |
0 |
|a 978-1-58239-044-4
|
| 090 |
0 |
0 |
|a I 668.4025
|b INT
|
| 245 |
0 |
0 |
|a The International directory of importers worldwide plastics & plastic products importing firms 2010.
|
| 250 |
0 |
0 |
|a 2010 ed.
|
| 260 |
0 |
0 |
|a Poulsbo, WA:
|b Interdata,
|c 2010.
|
| 300 |
# |
# |
|a 343 p.
|
| 650 |
0 |
0 |
|a Plastics --
|x Imports --
|x Directories
|
| 650 |
0 |
0 |
|a Plastics products --
|x Imports --
|x Directories
|
| 651 |
0 |
0 |
|a Europe
|
| 651 |
0 |
0 |
|a South America
|
| 651 |
0 |
0 |
|a Central America
|
| 651 |
0 |
0 |
|a Africa
|
| 651 |
0 |
0 |
|a North America
|
| 651 |
0 |
0 |
|a West Asia
|
| 651 |
0 |
0 |
|a Asia Pasific
|
| 999 |
|
|
|a B000028100
|b Directories
|c Products
|e Business Information Centre
|